Exploring strategy. Text and cases.
Guardado en:
| Autores principales: | , , , , |
|---|---|
| Formato: | Desconocido |
| Publicado: |
Harlow, England:
Pearson,
2020.
|
| Edición: | Twelfthe Edition. |
| Materias: | |
| Etiquetas: |
Agregar Etiqueta
Sin Etiquetas, Sea el primero en etiquetar este registro!
|
MARC
| LEADER | 00000 a2200000 4500 | ||
|---|---|---|---|
| 003 | CL-VaPUC | ||
| 005 | 20220909103124.0 | ||
| 008 | 220830t2020 ||||| |||| 00| 0 eng d | ||
| 999 | |c 438541 |d 438539 | ||
| 020 | |a 978-1292282459 | ||
| 040 | |c Pontificia Universidad Católica de Valparaíso | ||
| 082 | 7 | |a 658.4012 WHI 2020 |2 22 | |
| 100 | |a Whittington, Richard |e author |9 876096 | ||
| 245 | |a Exploring strategy. |b Text and cases. | ||
| 250 | |a Twelfthe Edition. | ||
| 260 | |a Harlow, England: |b Pearson, |c 2020. | ||
| 300 | |a 809 páginas. | ||
| 583 | |k Cristina María Rojas Aguilar |c 20220830 | ||
| 650 | |a Planificación empresarial |9 259791 | ||
| 650 | |a Planificación estratégica |9 259735 | ||
| 650 | |a Planificación empresarial |x Estudio de casos |9 876097 | ||
| 650 | |a Planificación estratégica |x Estudio de casos |9 876098 | ||
| 700 | |a Regnér, Patrick |e author |9 876099 | ||
| 700 | |a Angwin, Duncan |e author |9 876100 | ||
| 700 | |a Johnson, Gerry |9 501243 |e author | ||
| 700 | |a Scholes, Kevan |e author |9 876101 | ||
| 942 | |2 ddc |c BK | ||
| 952 | |0 0 |1 0 |2 ddc |4 0 |6 658_401200000000000_WHI_2020 |7 0 |8 A |9 586455 |a BIBING |b BIBING |c GEN |d 2022-08-26 |e 1 |g 83909.00 |i 5654277 |l 1 |m 1 |o 658.4012 WHI 2020 |p 5654277 |r 2025-01-20 |s 2022-11-29 |t 1 |v 83909.00 |w 2022-08-26 |y BK |k EII | ||